000 01231cam a2200253 4500
001 WB3941-06
008 031030n2003 000 0 eng u
035 _a(Sirsi) u124191
245 _aSigns of life in Central London office market
260 _c2003
490 _aCB Richard Ellis News Release
_v 22 October 2003 (1)
520 _aCB Richard Ellis' analysis of the Central London office market for the second quarter of 2003, shows take-up of over 2m sq ft for the first time since the third quarter of 2002. Despite the improvement, CBRE said this represents a continuation of sub-par transactional activity typical since mid-2001. CBRE news release http://www.cbre.com/International/Sites/UK/Research/UK+Research+/UK+Research.htm?pageid=5. "Central London offices market index brief" is available to download at http://gkc2.cbrichardellis.com/LocalReports350.asp.
590 _aWB
650 _aCENTRAL LONDON OFFICE RESEARCH
650 _aMARKET REPORTS
650 _aCENTRAL LONDON
650 _aINVESTMENT MARKET
650 _aOFFICE OCCUPIERS
650 _aMARKET RECOVERY
650 _aAVAILABILITY
650 _aCBRE
690 _aPROPERTY-COMMERCIAL PROPERTY-COMMERCIAL PROPERTY MARKET
942 _n0
999 _c73721
_d73721